Modelos para la práctica jurídica procesal civil (Record no. 172491)

MARC details
000 -LEADER
campo de control de longitud fija 00877nam a2200241 i 4500
001 - NÚMERO DE CONTROL
campo de control 172491
003 - IDENTIFICADOR DE NÚMERO DE CONTROL
campo de control ES-MaACL
005 - FECHA Y HORA DE LA ÚLTIMA TRANSACCIÓN
campo de control 20251116063112.0
008 - DATOS DE LONGITUD FIJA--INFORMACIÓN GENERAL
campo de control de longitud fija 090710s1980 sp |||| | spa d
017 ## - NÚMERO DE COPYRIGHT O DE DEPÓSITO LEGAL
Número de copyright o de depósito legal M 35800-1980
020 ## - NÚMERO INTERNACIONAL ESTÁNDAR DEL LIBRO
Número Internacional Estándar del Libro 84-309-0595-2
080 ## - NÚMERO DE LA CLASIFICACIÓN DECIMAL UNIVERSAL
Número de la Clasificación Decimal Universal 347.91/.95(460)(078.7)
100 0# - ENTRADA PRINCIPAL--NOMBRE DE PERSONA
Nombre de persona Prieto-Castro y Ferrándiz, Leonardo
9 (RLIN) 93919
245 10 - MENCIÓN DEL TÍTULO
Título Modelos para la práctica jurídica procesal civil
Resto del título : (proceso civil declarativo y de ejecución) /
Mención de responsabilidad, etc. compuesto por Leonardo Prieto-Castro y Ferrándiz.
250 ## - MENCION DE EDICION
Mención de edición 3ª ed.
260 ## - PUBLICACIÓN, DISTRIBUCIÓN, ETC.
Lugar de publicación, distribución, etc. Madrid :
Nombre del editor, distribuidor, etc. Tecnos,
Fecha de publicación, distribución, etc. 1980.
300 ## - DESCRIPCIÓN FÍSICA
Extensión 283 p. ;
Dimensiones 21 cm.
490 1# - MENCIÓN DE SERIE
Mención de serie Manuales universitarios españoles ;
Designación de volumen o secuencia 3
650 #4 - PUNTO DE ACCESO ADICIONAL DE MATERIA--TÉRMINO DE MATERIA
Término de materia o nombre geográfico como elemento de entrada Procedimiento civil-
Subdivisión geográfica España-
Subdivisión de forma Casos.
9 (RLIN) 141030
830 0# - PUNTO DE ACCESO ADICIONAL DE SERIE-TÍTULO UNIFORME
Título uniforme Manuales universitarios españoles ;
Designación de volumen o secuencia 3
9 (RLIN) 184446
852 ## - LOCALIZACIÓN
Ubicación ES-MaACL
Número de control de estantería E-12806
itemnumber R.143566
Holdings
Estatus retirado Estado de pérdida Estado de daño No para préstamo Biblioteca de origen Biblioteca actual Ubicación en estantería Fecha de adquisición Fuente de adquisición Total de préstamos Signatura topográfica completa Código de barras Visto por última vez Precio de reemplazo Tipo de ítem Koha
        Biblioteca del Ateneo de Madrid Biblioteca del Ateneo de Madrid Depósito 2 10/07/2009     E-12806 1181017 23/02/2023 23/02/2023 Libro impreso